000 00894nam a2200277Ia 4500
003 OSt
005 20220928133208.0
006 a|||||r|||| 00| 0
007 ta
008 220927b |||||||| |||| 00| 0 hin d
020 _cINR 9975.00
024 _a139926
037 _b066, 18/02/2019, Kiran Book Service
_cTextual
040 _aSDCL
_cSDCL
_bhin
041 _2hin
_ahin
082 _aR6k, Q9.1-.5 RR
100 _aNagar Usha Ed.
_9484686
245 0 _aBhartiya darshan evam sanskrit kosh (5 Vol. Set)
260 _aJaipur
_bParadise
_c2019
490 _vV1:iii,264p.
650 _aSanskrit
_9391587
700 _a Bairwa Sumer sing Ed.
_9484687
700 _a Trivedi Pankaj Ed.
_9484688
942 _hR6k, Q9.1-.5 RR
_cTEXL
_2CC
999 _c798236
_d798236